000 00335nam a2200133Ia 4500
005 20260328101454.0
008 260328s9999||||xx |||||||||||||| ||und||
100 _aCalvino, Italo
245 0 _aSeis propuestas para el próximo milenio /
_cItalo Calvino
260 _bSiruela
300 _a143 p.
650 _aARQUITECTURA
942 _cBK
999 _c8769
_d8769